000 01152nam a2200313 a 4500
005 20220317000424.0
008 141010s2014 sp a gr 000 0dspa d
020 _a9788494171628
100 1 0 _aOrmerod, Jan
_d1946-2013
245 1 3 _aEl cambalache
_cJan Ormerod, Andrew Joyner ; traducción María Francisca Mayorbe ; ilustraciones Andrew Joyner.
250 _aEdición especial
300 _a[32] páginas
_bilustraciones
_c25 cm
505 _aRecomendado a partir de 2-4 años
650 1 4 _aCuentos infantiles australianos
_2LEMB
650 1 4 _aLiteratura infantil australiana
_2LEMB
650 1 4 _aCocodrilos en la literatura
_2LEMB
650 1 4 _aHermanos en la literatura
_2LEMB
650 1 4 _aLibros ilustrados para niños
_2LEMB
700 1 0 _aJoyner, Andrew
_eilustrador
_940318
700 1 0 _aMayorbe, María Francisca
_etraductor
_923578
942 _2loc
_cBKINF
949 _an
_bn
264 _aBarcelona
_bEdiciones Ekaré
_c2014
336 _atexto
_btxt
_2rdacontent
337 _asin mediación
_bn
_2rdamedia
338 _avolumen
_bnc
_2rdacarrier
040 _aCO-BoRNBP
_bspa
_erda
_cCO-BoRNBP
084 _aC ORMC
999 _c3996
_d3996